000 01595nam a22002777a 4500
999 _c22049
_d22049
003 DO-CoUTE
005 20221125105845.0
008 221115b dr ||||| |||| 00| 0 spa d
040 _aDO-CoUTE
_bspa
_cDO-CoUTE
041 _aspa
092 _aEDU-OR 2022 P373-1
100 1 _a Pérez Padilla, Daniela Yokasta
_esustentante
245 1 _aIncidencia de la implementación de la Educación Sexual y el Embarazo en Adolescentes en los Centros Educativos Distrito 16-01 /
_bDaniela Yokasta Pérez Padilla, Francisca Lantigua Cruz, Franmerqui De Jesús ; asesor Raisa Eunise Jiménez
260 _aCotuí, República Dominicana :
_bUTECO,
_c2022
300 _axi, 72 hojas :
_c28cm.
_e+ 1 CD-ROM
502 _aTrabajo de grado (Licenciatura en Educación, Mención Orientación Escolar)--Universidad Tecnológica del Cibao Oriental, 2022
504 _aIncluye referencia bibliográfica e índice
505 _aÍndice -- declaración de autoría -- agradecimientos -- dedicatorias--resumen -- Capítulo I: Introducción -- Capítulo II: Revisión de literatura -- Capítulo III: Metodología -- Capítulo IV: Presentación de los resultados -- Capítulo V: Discusión y análisis de los resultados
650 4 _2Incidencia de la implementación
700 1 _a Lantigua Cruz, Francisca
_esustentante
700 1 _a De Jesús, Franmerqui
_esustentante
700 1 _a Eunise Jiménez, Raisa
_e asesor
830 _aTesis y disertaciones académicas (Universidad Tecnológica del Cibao Oriental)
856 _yHaga Click Aquí para Descargar en Texto Completo
942 _2LC
_cTH